[Event "chess.com IoM Masters"]
[Site "Douglas ENG"]
[Date "2017.09.27"]
[Round "5.53"]
[White "Kolbus, Dietmar"]
[Black "Swayams, Mishra"]
[Result "1/2-1/2"]
[WhiteTitle "IM"]
[BlackTitle "IM"]
[WhiteElo "2320"]
[BlackElo "2444"]
[WhiteFideId "4610628"]
[BlackFideId "5028183"]
[EventDate "2017.09.23"]

1. c4 e6 2. Nf3 Nf6 3. g3 d5 4. Bg2 dxc4 5. Qa4+ Nbd7 6. O-O a6 7. Qxc4 c5 8.
Qc2 Bd6 9. d4 O-O 10. Nc3 Qc7 11. Ne4 Nxe4 12. Qxe4 cxd4 13. Nxd4 Nc5 14. Qc2
Bd7 15. b4 e5 16. Nf5 Bxf5 17. Qxf5 Ne6 18. a3 a5 19. Bb2 axb4 20. axb4 Nd4 21.
Bxd4 exd4 22. Rxa8 Rxa8 23. Qd5 Rd8 24. Qxb7 Qxb7 25. Bxb7 Bxb4 26. Ba6 Bd6 27.
Rc1 g6 28. Rc8 Rxc8 29. Bxc8 f5 30. Ba6 Kg7 31. Kg2 Kf6 32. f4 h6 33. h4 Bb4 34.
Kf3 Be1 35. Bc4 g5 36. hxg5+ hxg5 37. fxg5+ Kxg5 38. Ba6 Bd2 39. Bd3 Kf6 40. g4
fxg4+ 41. Kxg4 1/2-1/2

[Event "chess.com IoM Masters"]
[Site "Douglas ENG"]
[Date "2017.09.27"]
[Round "5.54"]
[White "Shvayger, Yuliya"]
[Black "Birkisson, Bardur Orn"]
[Result "1-0"]
[WhiteTitle "WGM"]
[WhiteElo "2442"]
[BlackElo "2164"]
[WhiteFideId "14100126"]
[BlackFideId "2310597"]
[EventDate "2017.09.23"]

1. e4 e5 2. Nf3 Nc6 3. Nc3 Nf6 4. Bb5 Bd6 5. d3 h6 6. a3 O-O 7. g4 Bc5 8. g5 Ng4
9. Rf1 Nd4 10. Nxd4 exd4 11. Na4 Nxh2 12. Rh1 Bd6 13. f4 c6 14. Bc4 b5 15. Ba2
Qc7 16. Rxh2 Bxf4 17. Rg2 bxa4 18. gxh6 Bg3+ 19. Kf1 d5 20. hxg7 Kxg7 21. Qh5
Rh8 22. Qg5+ Kf8 23. Rxg3 Be6 24. Bf4 Qb7 25. Kg1 Ke8 26. Qe5 Kd7 27. Qd6+ 1-0

[Event "chess.com IoM Masters"]
[Site "Douglas ENG"]
[Date "2017.09.27"]
[Round "5.55"]
[White "Ojas, Kulkarni"]
[Black "Arkell, Keith C"]
[Result "1/2-1/2"]
[BlackTitle "GM"]
[WhiteElo "2289"]
[BlackElo "2415"]
[WhiteFideId "25040073"]
[BlackFideId "400270"]
[EventDate "2017.09.23"]

1. e4 c6 2. Nc3 d5 3. Qe2 d4 4. Nd1 e5 5. g3 c5 6. d3 Nc6 7. Bg2 Bd6 8. f4 Nge7
9. Nf3 f6 10. O-O Be6 11. f5 Bf7 12. g4 h6 13. Nf2 b5 14. h4 Nc8 15. a4 bxa4 16.
g5 hxg5 17. hxg5 Nb6 18. Ng4 Bh5 19. Nh4 Kd7 20. Ng6 Rh7 21. Bf3 Bxg4 22. Bxg4
Kc7 23. Kg2 fxg5 24. Bd2 Be7 25. b3 Bf6 26. bxa4 a5 27. Rfc1 Qd6 28. c3 Nd7 29.
Rab1 Rh6 30. Be1 Nf8 31. Qa2 Nxg6 32. fxg6 Rah8 33. Bg3 Be7 34. Qc4 dxc3 35. Qa6
Nb4 36. Qa7+ Kc6 37. Rxb4 axb4 38. Qa6+ Kc7 39. Qa7+ Kc6 40. Qa6+ Kc7 41. Qa7+
Kc6 1/2-1/2

[Event "chess.com IoM Masters"]
[Site "Douglas ENG"]
[Date "2017.09.27"]
[Round "5.56"]
[White "Vignesh, B"]
[Black "Wallace, John Paul"]
[Result "1-0"]
[BlackTitle "IM"]
[WhiteElo "2261"]
[BlackElo "2413"]
[WhiteFideId "5073600"]
[BlackFideId "3200957"]
[EventDate "2017.09.23"]

1. e4 c5 2. Nf3 d6 3. Bb5+ Nd7 4. d4 cxd4 5. Qxd4 a6 6. Bxd7+ Bxd7 7. O-O Rc8 8.
Nc3 e6 9. Bg5 Qa5 10. Rad1 f6 11. Be3 Be7 12. Rfe1 h5 13. Qd3 Rd8 14. Nh4 Kf7
15. b4 Qc7 16. e5 fxe5 17. Ng6 Nf6 18. Nxh8+ Rxh8 19. Ne4 Nxe4 20. Qxe4 Bc6 21.
Qc4 d5 22. Qb3 b5 23. Bc5 Bf6 24. Qh3 g5 25. Qg3 h4 26. Qg4 h3 27. Qg3 Qb8 28.
Rd3 hxg2 29. Qxg2 e4 30. Rh3 Rxh3 31. Qxh3 Qh8 32. Qg3 Be5 33. Qxg5 Qxh2+ 34.
Kf1 Qh1+ 35. Ke2 Qf3+ 36. Kf1 Bf6 37. Qh6 Qf5 38. Qf8+ Kg6 39. Re3 Qh5 40. Rg3+
Kf5 41. Be7 Qh4 42. Qf7 Be8 43. Qxf6+ Qxf6 44. Bxf6 Kxf6 45. Ra3 d4 46. Ke2 Ke5
47. Rxa6 Kd5 48. Ra8 Bc6 49. Rc8 e5 50. Kd2 Kd6 51. Rb8 Kc7 52. Rh8 Kd6 53. c3
Kd5 54. Rc8 Kd6 55. Rd8+ Kc7 56. Rg8 Kd6 57. Rg5 Bd7 58. cxd4 exd4 59. Rc5 Bc6
60. a3 Kd7 61. f3 exf3 62. Kd3 f2 63. Rf5 Bd5 64. Rxf2 1-0

[Event "chess.com IoM Masters"]
[Site "Douglas ENG"]
[Date "2017.09.27"]
[Round "5.57"]
[White "Kojima, Shinya"]
[Black "Oyama, Akito"]
[Result "1/2-1/2"]
[WhiteTitle "IM"]
[WhiteElo "2403"]
[BlackElo "2198"]
[WhiteFideId "7000812"]
[BlackFideId "7001630"]
[EventDate "2017.09.23"]

1. Nf3 Nf6 2. c4 e6 3. Nc3 Bb4 4. Qc2 O-O 5. a3 Bxc3 6. Qxc3 b6 7. b4 Bb7 8. Bb2
c5 9. e3 d6 10. Be2 Nbd7 11. O-O Rc8 12. Rfd1 Qe7 13. d4 cxd4 14. Qxd4 Bxf3 15.
gxf3 Ne8 16. Kh1 Ne5 17. Rac1 Ng6 18. Rd2 f5 19. Rg1 e5 20. Qd5+ Kh8 21. Bf1 Rc7
22. a4 Qh4 23. Qd3 Qh5 24. Be2 f4 25. e4 Nh4 26. Rc2 Rf6 27. Rg4 Ng6 28. Rg2 Nh4
29. Rg4 Ng6 30. Rg2 Qh3 31. Rc3 Nh4 32. Rg4 Ng6 33. Rg2 Nh4 34. Rg4 Ng6 1/2-1/2

[Event "chess.com IoM Masters"]
[Site "Douglas ENG"]
[Date "2017.09.27"]
[Round "5.58"]
[White "Maloberti, David"]
[Black "Woellermann, Jan"]
[Result "0-1"]
[WhiteElo "2132"]
[BlackElo "2384"]
[WhiteFideId "620149"]
[BlackFideId "24661155"]
[EventDate "2017.09.23"]

1. d4 Nf6 2. c4 e6 3. Nf3 b6 4. Bg5 Bb7 5. e3 Bb4+ 6. Nc3 h6 7. Bh4 g5 8. Bg3
Ne4 9. Qc2 f5 10. Bd3 Bxc3+ 11. bxc3 d6 12. d5 Na6 13. Nd4 Nac5 14. f3 Nxd3+ 15.
Qxd3 Nc5 16. Qc2 Qf6 17. dxe6 f4 18. exf4 gxf4 19. Bxf4 Qxf4 20. Qg6+ Kd8 21.
O-O Qg5 22. Qf7 Qe7 23. Qg6 c6 24. Rae1 Kc7 25. Nf5 Qh7 26. Qg3 Rad8 27. Ng7
Rdg8 0-1

[Event "chess.com IoM Masters"]
[Site "Douglas ENG"]
[Date "2017.09.27"]
[Round "5.59"]
[White "Burrows, Martin P"]
[Black "Arakhamia-Grant, Ketevan"]
[Result "0-1"]
[BlackTitle "GM"]
[WhiteElo "2085"]
[BlackElo "2369"]
[WhiteFideId "409057"]
[BlackFideId "13600168"]
[EventDate "2017.09.23"]

1. e4 g6 2. d4 Bg7 3. Nc3 d6 4. Be3 a6 5. Qd2 b5 6. h4 h5 7. O-O-O Bb7 8. f3 Nd7
9. Nh3 Rc8 10. Ng5 c5 11. Kb1 cxd4 12. Bxd4 Ngf6 13. Nd5 O-O 14. Be2 Bxd5 15.
exd5 Qc7 16. Rhe1 Ne5 17. f4 Nc4 18. Qc1 Rfe8 19. Bf3 b4 20. f5 gxf5 21. Qf4
Na3+ 22. bxa3 Qxc2+ 23. Ka1 bxa3 24. Qd2 Qa4 25. Qd3 Rc4 26. Bxh5 Nxh5 27. Bxg7
Nxg7 28. h5 Rh4 29. g4 Rxg4 30. Rg1 Qb4 0-1

[Event "chess.com IoM Masters"]
[Site "Douglas ENG"]
[Date "2017.09.27"]
[Round "5.60"]
[White "Thilakarathne, G M H"]
[Black "Fenil, Shah"]
[Result "1-0"]
[WhiteTitle "CM"]
[BlackTitle "FM"]
[WhiteElo "2053"]
[BlackElo "2362"]
[WhiteFideId "9912053"]
[BlackFideId "5019850"]
[EventDate "2017.09.23"]

1. e4 c5 2. Nf3 a6 3. c3 d5 4. exd5 Qxd5 5. Be2 Nf6 6. O-O Nc6 7. d4 e6 8. Be3
cxd4 9. c4 Qd6 10. Nxd4 Be7 11. Nc3 Qc7 12. Rc1 O-O 13. Nxc6 bxc6 14. Qc2 c5 15.
Bf3 Bb7 16. Qe2 Nd7 17. Bxb7 Qxb7 18. Rcd1 Rae8 19. b3 f5 20. f3 Bf6 21. Na4 Rc8
22. Rd2 Rf7 23. Rfd1 Qc7 24. Rxd7 Rxd7 25. Rxd7 Qxd7 26. Nb6 Qc6 27. Nxc8 Qxc8
28. Qf2 Be7 29. Qd2 Qc6 30. Bf4 Bf6 31. Be3 Kf7 32. Kf1 Be7 33. Bf4 Bf6 34. Be3
e5 35. Qa5 Be7 36. Qc3 Ke6 37. Ke2 g5 38. h3 h5 39. Qd3 e4 40. fxe4 Qxe4 41.
Qxe4+ fxe4 42. g4 hxg4 43. hxg4 Kd6 44. Bd2 Bd8 45. Ke3 Ke5 46. Bc3+ Ke6 47.
Kxe4 Bc7 48. Bd2 Bd8 49. Be3 Be7 50. a3 a5 51. a4 Bf6 52. Bxc5 Bd8 53. Be3 Bf6
54. Bd2 Bd8 55. c5 Be7 56. Bxa5 Bxc5 57. Bd8 1-0

[Event "chess.com IoM Masters"]
[Site "Douglas ENG"]
[Date "2017.09.27"]
[Round "5.61"]
[White "Hemant, Sharma2"]
[Black "Heimisson, Hilmir Freyr"]
[Result "1/2-1/2"]
[WhiteTitle "IM"]
[WhiteElo "2342"]
[BlackElo "2185"]
[WhiteFideId "5025842"]
[BlackFideId "2309998"]
[EventDate "2017.09.23"]

1. c4 c5 2. Nc3 Nc6 3. g3 g6 4. Bg2 Bg7 5. a3 e6 6. Rb1 Nge7 7. b4 cxb4 8. axb4
O-O 9. Nf3 d5 10. cxd5 Nxd5 11. Nxd5 exd5 12. O-O Bf5 13. d3 Re8 14. b5 Nd4 15.
Nxd4 Bxd4 16. e3 Bf6 17. Bb2 Bxb2 18. Rxb2 Qd7 19. Rb4 Rac8 20. Qb3 Be6 21. Qa3
b6 22. h4 h5 23. Rbb1 Rc5 24. d4 Rc7 25. Rfc1 Rec8 26. Bf1 Bf5 27. Rxc7 Rxc7 28.
Rc1 Qc8 29. Rxc7 Qxc7 30. Qb2 Kh7 31. Be2 Be4 32. Kh2 Qc8 33. f3 Bf5 34. Kg2 Kg7
35. Kf2 Qc7 36. Qa2 Be6 37. Qd2 Bf5 38. Qa2 Be6 39. Qd2 Bf5 40. Bd3 Bxd3 41.
Qxd3 Qc1 42. e4 dxe4 43. fxe4 Qb2+ 44. Kf3 Qc1 45. d5 Qh1+ 46. Ke3 Qc1+ 47. Kf3
Qh1+ 48. Ke2 Qg2+ 49. Kd1 Qg1+ 50. Kc2 Kf8 51. Kb3 Qa1 52. Qc2 Qd4 53. Qc8+ Ke7
54. Qc7+ Kf8 55. Qc8+ Ke7 56. Qc7+ Kf8 57. Qd6+ Kg8 58. Qb8+ 1/2-1/2

[Event "chess.com IoM Masters"]
[Site "Douglas ENG"]
[Date "2017.09.27"]
[Round "5.62"]
[White "Harari, Zaki"]
[Black "Cornette, Deimante"]
[Result "0-1"]
[BlackTitle "IM"]
[WhiteElo "2027"]
[BlackElo "2404"]
[WhiteFideId "2002639"]
[BlackFideId "12802859"]
[EventDate "2017.09.23"]

1. e4 d6 2. d4 Nf6 3. f3 d5 4. e5 Nfd7 5. f4 c5 6. Nf3 Nc6 7. c4 cxd4 8. cxd5
Qa5+ 9. Nbd2 Qxd5 10. Bc4 Qa5 11. O-O e6 12. Ng5 h6 13. Nge4 Nc5 14. a3 Nxe4 15.
Nxe4 Bd7 16. b4 Qc7 17. Qe2 Rc8 18. Bb3 Qb6 19. Kh1 Na5 20. Bc2 Qc7 21. Ra2 Qc4
22. Bd3 Qxc1 23. bxa5 Qc7 24. a6 b6 25. Rc2 Qd8 26. Rxc8 Qxc8 27. f5 exf5 28.
Nd6+ Bxd6 29. exd6+ Kf8 30. Qe7+ Kg8 31. Re1 Kh7 32. g4 Qc3 33. Bxf5+ Bxf5 34.
gxf5 Qf3+ 35. Kg1 Qg4+ 36. Kh1 Qxf5 37. d7 Qd5+ 38. Kg1 d3 39. Qe4+ Qxe4 40.
Rxe4 Rd8 41. Rd4 Kg6 0-1

[Event "chess.com IoM Masters"]
[Site "Douglas ENG"]
[Date "2017.09.27"]
[Round "5.63"]
[White "Yankelevich, Lev"]
[Black "Coathup, Roger H"]
[Result "1-0"]
[WhiteTitle "IM"]
[WhiteElo "2443"]
[BlackElo "2125"]
[WhiteFideId "24684074"]
[BlackFideId "407062"]
[EventDate "2017.09.23"]

1. d4 Nf6 2. c4 g6 3. f3 Bg7 4. e4 d6 5. Ne2 c6 6. Be3 a6 7. Nbc3 b5 8. c5 dxc5
9. dxc5 Qxd1+ 10. Rxd1 e5 11. a4 Be6 12. Nc1 Nbd7 13. Nd3 O-O 14. Be2 Rfc8 15.
b4 Bc4 16. Ra1 Ne8 17. Nc1 Be6 18. Kf2 Bf8 19. Rd1 a5 20. axb5 axb4 21. Rxa8
Rxa8 22. bxc6 Nxc5 23. Nd5 Rc8 24. Bb5 Nd6 25. Bxc5 Nxb5 26. Bxf8 Kxf8 27. Nxb4
Nd4 28. Ncd3 Nxc6 29. Nxc6 Rxc6 30. Nxe5 Rc2+ 31. Kg3 Ke7 32. h4 h5 33. Nd3 Kf6
34. Nf4 Bc4 35. Rd6+ Be6 36. Rb6 Ra2 37. Rc6 Rb2 38. Nd5+ Ke5 39. Nf4 Kf6 40.
Nd3 Rd2 41. Nb4 Rb2 42. Rb6 Rd2 43. Rc6 Rb2 44. Nd5+ Ke5 45. Nf4 Kf6 46. Rc1 Rd2
47. Rf1 Ke5 48. Rf2 Rd1 49. Rb2 Bc4 50. Rc2 Rd4 51. Nh3 Be6 52. Nf2 Rd7 53. Rc5+
Kf6 54. Kf4 Rd2 55. Ke3 Ra2 56. g3 Ra3+ 57. Kf4 Ra4 58. Rc7 Rd4 59. Rc5 Ra4 60.
Nd3 Rd4 61. Ne5 Rd1 62. Rc7 Rf1 63. Rc3 Rf2 64. Nd3 Rg2 65. Nc5 Rg1 66. Ra3 Rc1
67. e5+ Ke7 68. Ra7+ Kf8 69. Nxe6+ fxe6 70. Kg5 Rc3 71. f4 Rxg3+ 72. Kf6 Kg8 73.
Rg7+ Kf8 74. Rxg6 Rf3 75. Kxe6 Rh3 76. f5 Rxh4 77. f6 Rf4 78. Rh6 Kg8 79. Rxh5
Rf1 80. Rg5+ Kf8 81. Rg2 Ra1 82. Rb2 Ra6+ 83. Kf5 Ra8 84. e6 Re8 85. Rh2 Kg8 86.
f7+ Kg7 87. fxe8=N+ 1-0

[Event "chess.com IoM Masters"]
[Site "Douglas ENG"]
[Date "2017.09.27"]
[Round "5.64"]
[White "Enkhtuul, Altan-Ulzii"]
[Black "Pranav, Anand"]
[Result "1-0"]
[WhiteTitle "WGM"]
[WhiteElo "2327"]
[BlackElo "2105"]
[WhiteFideId "4901444"]
[BlackFideId "46626786"]
[EventDate "2017.09.23"]

1. d4 Nf6 2. Nf3 e6 3. c4 Bb4+ 4. Nbd2 d6 5. Qc2 Nbd7 6. a3 Bxd2+ 7. Bxd2 O-O 8.
g3 b6 9. Bg2 Bb7 10. O-O Qc8 11. b4 Be4 12. Qb2 Qb7 13. Rfd1 Rfe8 14. Rac1 h6
15. Bc3 Nh7 16. d5 Ndf6 17. Nh4 Bxg2 18. Nxg2 e5 19. Ne3 Ne4 20. Be1 g6 21. f3
Nef6 22. Qc2 Qc8 23. Nf1 Nh5 24. c5 Qh3 25. cxd6 cxd6 26. Qd2 Ng5 27. Bf2 f5 28.
Rc6 Rad8 29. Rc7 Nf6 30. Be3 Nfh7 31. Rxa7 Rc8 32. Rc1 f4 33. gxf4 exf4 34. Rxc8
Qxc8 35. Qd4 Nf7 36. Qxf4 Nhg5 37. Qf6 Rxe3 38. Qxg6+ Kf8 39. Rxf7+ Nxf7 40.
Nxe3 Qc1+ 41. Kf2 Qxa3 42. Nf5 Qc3 43. Nxd6 Qd4+ 44. Kg2 1-0

[Event "chess.com IoM Masters"]
[Site "Douglas ENG"]
[Date "2017.09.27"]
[Round "5.65"]
[White "Fischer, Daniel"]
[Black "Zwahr, Paul"]
[Result "1/2-1/2"]
[BlackTitle "FM"]
[WhiteElo "2100"]
[BlackElo "2306"]
[WhiteFideId "1328360"]
[BlackFideId "24609749"]
[EventDate "2017.09.23"]

1. e4 e5 2. Nf3 Nc6 3. Bc4 Bc5 4. O-O Nf6 5. d3 a6 6. c3 Ba7 7. Re1 d6 8. Bb3
O-O 9. h3 h6 10. Nbd2 Re8 11. Nf1 d5 12. exd5 Nxd5 13. Ng3 Be6 14. Nh5 Nf6 15.
Nxf6+ Qxf6 16. Qe2 Bxb3 17. axb3 Rad8 18. Be3 Bxe3 19. Qxe3 Qd6 20. d4 e4 21.
Nd2 f5 22. Nc4 Qf6 23. Qf4 Rd7 24. Ne3 Rf8 25. g4 fxg4 26. Qxf6 Rxf6 27. Nxg4
Rg6 28. Kh1 Rf7 29. d5 h5 30. dxc6 hxg4 31. cxb7 Rb6 32. Rxe4 Rxb7 33. hxg4 Rxf2
34. b4 Rb6 35. Rc4 Rh6+ 36. Kg1 Rhh2 37. Rxc7 Rfg2+ 38. Kf1 Rxb2 39. Kg1 Rhg2+
40. Kf1 Rbf2+ 41. Ke1 Rh2 42. Rc8+ Kf7 43. Rc7+ Ke6 44. Rxa6+ Kd5 45. Rd7+ Kc4
46. Rc6+ Kb3 47. Rcd6 Re2+ 48. Kf1 Rc2 49. Kg1 Rhg2+ 50. Kh1 Rh2+ 51. Kg1 Rhg2+
52. Kh1 Rge2 53. Rd1 Rh2+ 54. Kg1 Rcg2+ 55. Kf1 Rf2+ 56. Kg1 Rhg2+ 57. Kh1 Kc2
58. R1d4 Rh2+ 59. Kg1 Rfg2+ 60. Kf1 Rf2+ 61. Kg1 g5 62. b5 Rfg2+ 63. Kf1 Rf2+
64. Kg1 Rfg2+ 65. Kf1 Rf2+ 1/2-1/2

[Event "chess.com IoM Masters"]
[Site "Douglas ENG"]
[Date "2017.09.27"]
[Round "5.67"]
[White "Balint, Vilmos"]
[Black "Kavinda, Akila"]
[Result "1-0"]
[WhiteElo "2281"]
[BlackElo "2099"]
[WhiteFideId "718050"]
[BlackFideId "9901302"]
[EventDate "2017.09.23"]

1. d4 Nf6 2. Bg5 d5 3. e3 g6 4. Bxf6 exf6 5. c4 dxc4 6. Bxc4 Bd6 7. Nc3 O-O 8.
Qc2 f5 9. h4 c5 10. h5 cxd4 11. hxg6 hxg6 12. O-O-O Nc6 13. Nf3 Kg7 14. Nxd4 Ne5
15. Bb3 Qb6 16. Ndb5 Be7 17. Nd4 Bd7 18. Nf3 Nxf3 19. Rxd7 Ne5 20. Rxe7 Qd6 21.
Rxb7 Nd3+ 22. Kb1 Nc5 23. Nb5 Qc6 24. Qc3+ 1-0

[Event "chess.com IoM Masters"]
[Site "Douglas ENG"]
[Date "2017.09.27"]
[Round "5.68"]
[White "Loew, Gerald"]
[Black "Mai, Aron Thor"]
[Result "1-0"]
[WhiteTitle "FM"]
[WhiteElo "2262"]
[BlackElo "2038"]
[WhiteFideId "4615875"]
[BlackFideId "2313383"]
[EventDate "2017.09.23"]

1. c4 e5 2. Nc3 d6 3. g3 f5 4. Bg2 Nf6 5. e3 Be7 6. Nge2 O-O 7. O-O c6 8. d3 a5
9. b3 Na6 10. Bb2 Nc7 11. d4 Qe8 12. dxe5 dxe5 13. Na4 Nd7 14. Qc2 Na6 15. a3
Nac5 16. Nxc5 Bxc5 17. Bc3 Bd6 18. Qd2 Bc7 19. b4 Nf6 20. Bb2 Qh5 21. b5 Ne4 22.
Qc2 Nc5 23. f4 e4 24. Bd4 Ne6 25. Rab1 Bd6 26. c5 Be7 27. bxc6 bxc6 28. Rb6 Nd8
29. Rfb1 Ba6 30. Rxa6 Rxa6 31. Qc4+ Kh8 32. Qxa6 Ne6 33. Qxc6 Nd8 34. Qb5 Nf7
35. Nc3 Nh6 36. h3 Qg6 37. Kf2 Qf7 38. Qb3 Qe8 39. Qe6 Nf7 40. a4 Nd8 41. Qe5 1-0

[Event "chess.com IoM Masters"]
[Site "Douglas ENG"]
[Date "2017.09.27"]
[Round "5.69"]
[White "Frank, Tena"]
[Black "Osmanodja, Filiz"]
[Result "0-1"]
[WhiteTitle "WFM"]
[BlackTitle "WIM"]
[WhiteElo "2002"]
[BlackElo "2245"]
[WhiteFideId "4624297"]
[BlackFideId "24633569"]
[EventDate "2017.09.23"]

1. d4 Nf6 2. c4 e6 3. Nc3 Bb4 4. e3 O-O 5. Ne2 d5 6. a3 Be7 7. cxd5 exd5 8. Nf4
Re8 9. Bd3 Bd6 10. O-O Bxf4 11. exf4 Nc6 12. Be2 Bf5 13. g4 Rxe2 14. Nxe2 Nxg4
15. f3 Nh6 16. Be3 Bh3 17. Re1 Nf5 18. Bf2 Qf6 19. Kh1 Nh4 20. Bxh4 Qxh4 21. Rg1
Qf2 22. Rg3 Re8 23. Nc3 Be6 24. Qe2 Qxe2 25. Nxe2 Ne7 26. Rc1 c6 27. Rgg1 Nf5
28. Kg2 Ne3+ 29. Kf2 Nc4 30. Rc3 Bc8 31. b4 g6 32. Ng3 Kf8 33. h4 Nd6 34. h5 Kg7
35. a4 Kf6 36. hxg6 fxg6 37. Rh1 h5 38. Rb3 a6 39. Rbb1 Rh8 40. Rh4 Bf5 41. Rb2
a5 42. bxa5 Ra8 43. Rh1 Rxa5 44. Ra1 Bd3 45. Rb4 Bc4 46. Rh1 b5 47. f5 Nxf5 48.
Nxf5 Kxf5 49. axb5 Ra2+ 50. Kg3 cxb5 51. Rh4 Kg5 52. Rb1 Bd3 53. Rb3 Bf1 54. f4+
Kf5 55. Kf3 g5 56. fxg5 Kxg5 57. Rf4 Rh2 58. Rb1 Rh3+ 59. Kf2 Kxf4 60. Rxf1 Rf3+ 0-1

[Event "chess.com IoM Masters"]
[Site "Douglas ENG"]
[Date "2017.09.27"]
[Round "5.70"]
[White "Mueller, Philipp2"]
[Black "Zahn, Alina"]
[Result "1/2-1/2"]
[BlackTitle "WFM"]
[WhiteElo "2220"]
[BlackElo "2025"]
[WhiteFideId "24683701"]
[BlackFideId "24696730"]
[EventDate "2017.09.23"]

1. Nf3 d5 2. c4 e6 3. g3 Nf6 4. Bg2 Be7 5. O-O O-O 6. b3 c5 7. cxd5 Nxd5 8. Bb2
Bf6 9. d4 Nc6 10. e4 Nb6 11. e5 Be7 12. dxc5 Bxc5 13. a3 Qxd1 14. Rxd1 Nd5 15.
b4 Bb6 16. Nc3 Nce7 17. Nxd5 Nxd5 18. Ne1 Rd8 19. Rd3 Bd7 20. Bxd5 exd5 21. Rxd5
Bc6 22. Rxd8+ Rxd8 23. Bc3 Rd5 24. a4 a6 25. Kf1 h6 26. Ke2 Bd4 27. Bxd4 Rxd4
28. Nd3 Be4 29. Ke3 Rxd3+ 30. Kxe4 Rb3 31. b5 axb5 32. axb5 Rxb5 33. Ra8+ Kh7
34. f4 g6 35. Rc8 Kg7 36. Rc7 Rb2 37. g4 Rb4+ 38. Ke3 Rb3+ 39. Kd4 Rb4+ 40. Ke3
Rb3+ 41. Kd4 Rb4+ 42. Ke3 1/2-1/2

[Event "chess.com IoM Masters"]
[Site "Douglas ENG"]
[Date "2017.09.27"]
[Round "5.71"]
[White "Jonsson, Gauti Pall"]
[Black "Player, Edmund C"]
[Result "1/2-1/2"]
[WhiteElo "2011"]
[BlackElo "2202"]
[WhiteFideId "2309092"]
[BlackFideId "406520"]
[EventDate "2017.09.23"]

1. e4 e6 2. d4 d5 3. Nd2 c5 4. exd5 Qxd5 5. dxc5 Nf6 6. Ngf3 Qxc5 7. Bd3 Qc7 8.
O-O Be7 9. c4 b6 10. b3 Bb7 11. Bb2 Nbd7 12. Qe2 Qf4 13. Ne5 Rd8 14. g3 Qh6 15.
Rad1 Qh3 16. f3 Nxe5 17. Bxe5 Bc5+ 18. Kh1 Ng4 19. Be4 Bxe4 20. Nxe4 Rxd1 21.
Rxd1 Nxe5 22. Nxc5 Qf5 23. f4 Qg4 24. Qxg4 Nxg4 25. Ne4 Ke7 26. h3 Ne3 27. Rd3
Nc2 28. Nc3 Rd8 29. Rxd8 Kxd8 30. Kg2 Kd7 31. Kf3 Kc6 32. Ke4 Kc5 33. Nb5 a6 34.
Nc7 a5 35. Ne8 g6 36. Nf6 h5 37. Nd7+ Kc6 38. Ne5+ Kc5 39. Nxf7 Nb4 40. Nd8 Nxa2
41. Nxe6+ Kb4 42. g4 Nc3+ 43. Kd3 hxg4 44. hxg4 Nd1 45. f5 Nf2+ 46. Kd4 Nxg4 47.
fxg6 Kxb3 48. g7 Nh6 49. Kd5 a4 50. c5 bxc5 51. Nxc5+ 1/2-1/2

[Event "chess.com IoM Masters"]
[Site "Douglas ENG"]
[Date "2017.09.27"]
[Round "5.72"]
[White "Lorscheid, Gerhard"]
[Black "Acosta, Mariano USA"]
[Result "1-0"]
[WhiteTitle "FM"]
[WhiteElo "2192"]
[BlackElo "1988"]
[WhiteFideId "4606000"]
[BlackFideId "2008629"]
[EventDate "2017.09.23"]

1. c4 c6 2. d4 d5 3. Nc3 Nf6 4. e3 g6 5. Nf3 Bg7 6. Be2 O-O 7. O-O Bg4 8. Qb3
Qc8 9. cxd5 cxd5 10. Nxd5 Nxd5 11. Qxd5 Nc6 12. Qb3 e5 13. d5 Na5 14. Qb4 b6 15.
h3 Bd7 16. Bd2 e4 17. Ng5 f5 18. Rac1 Qe8 19. Qa3 h6 20. Ne6 Bxe6 21. dxe6 Nb7
22. Rc7 Nc5 23. Bc4 Kh8 24. Bc3 Rf6 25. Rd1 Rd8 26. Rxd8 Qxd8 27. Rxg7 Kxg7 28.
Qxa7+ Kh8 29. Qf7 Qd1+ 30. Bf1 1-0

[Event "chess.com IoM Masters"]
[Site "Douglas ENG"]
[Date "2017.09.27"]
[Round "5.73"]
[White "Hopson, Kevin Mike"]
[Black "Seyfried, Claus"]
[Result "1/2-1/2"]
[WhiteElo "1929"]
[BlackElo "2173"]
[WhiteFideId "12909238"]
[BlackFideId "1271085"]
[EventDate "2017.09.23"]

1. e4 e6 2. d3 d5 3. Nd2 c5 4. g3 Nc6 5. Bg2 Rb8 6. f4 dxe4 7. Nxe4 Nf6 8. Ne2
Be7 9. Bd2 O-O 10. O-O Qb6 11. Kh1 Bd7 12. N2c3 Qxb2 13. Na4 Qd4 14. Naxc5 Bc8
15. Bc3 Qd8 16. Nxf6+ Bxf6 17. Bxf6 Qxf6 18. Rb1 e5 19. Qh5 Qe7 20. Ne4 Bd7 21.
fxe5 Nxe5 22. d4 Ng4 23. Rbe1 g6 24. Ng5 gxh5 25. Rxe7 Bb5 26. Rfxf7 Rxf7 27.
Rxf7 Re8 28. Bd5 Bc6 29. Bxc6 bxc6 30. Rxa7 Re2 31. Rxh7 Rxh2+ 32. Kg1 Rxc2 33.
Rxh5 Rxa2 34. Nf3 Ne3 35. Nh4 Rd2 36. Rc5 1/2-1/2

[Event "chess.com IoM Masters"]
[Site "Douglas ENG"]
[Date "2017.09.27"]
[Round "5.74"]
[White "Mannion, Stephen R"]
[Black "Birkisson, Bjorn Holm"]
[Result "1/2-1/2"]
[WhiteTitle "IM"]
[WhiteElo "2320"]
[BlackElo "2023"]
[WhiteFideId "2400111"]
[BlackFideId "2310600"]
[EventDate "2017.09.23"]

1. e4 Nc6 2. Nf3 d6 3. d4 Nf6 4. Nc3 e5 5. dxe5 Nxe5 6. Nxe5 dxe5 7. Qxd8+ Kxd8
8. Bg5 Be6 9. O-O-O+ Kc8 10. a3 Nd7 11. Be2 f6 12. Be3 c6 13. g3 b5 14. f4 Bc5
15. Bxc5 Nxc5 16. b4 Nb7 17. f5 Bf7 18. g4 Kc7 19. h4 h6 20. g5 Nd6 21. gxf6
gxf6 22. Rhg1 Rhg8 23. Kd2 Rxg1 24. Rxg1 Rg8 25. Rxg8 Bxg8 26. Ke3 Bf7 27. Nd1
Nc4+ 28. Bxc4 Bxc4 29. Nb2 c5 30. c3 Kb6 31. Nd1 h5 32. Nf2 a5 33. Nh1 axb4 34.
axb4 Bf7 35. Nf2 cxb4 36. cxb4 Bc4 37. Nh3 Kc6 38. Ng1 1/2-1/2

[Event "chess.com IoM Masters"]
[Site "Douglas ENG"]
[Date "2017.09.27"]
[Round "5.75"]
[White "Bianco, Valerio"]
[Black "Watson, John L"]
[Result "0-1"]
[BlackTitle "IM"]
[WhiteElo "2086"]
[BlackElo "2247"]
[WhiteFideId "800600"]
[BlackFideId "2000768"]
[EventDate "2017.09.23"]

1. e4 e6 2. d4 d5 3. Nd2 Be7 4. Bd3 c5 5. dxc5 Nf6 6. exd5 Qxd5 7. Ngf3 Nbd7 8.
O-O O-O 9. Bc4 Qxc5 10. a3 b6 11. b4 Qc7 12. Bb2 Bb7 13. Bd3 a5 14. b5 h6 15.
Nc4 Ng4 16. Ncd2 Bf6 17. Bxf6 Ndxf6 18. h3 Ne5 19. Nxe5 Qxe5 20. Re1 Qg5 21. Nf3
Qf4 22. Ne5 Qg5 23. Nf3 Qc5 24. Qe2 Rfd8 25. Qe3 Qe7 26. Ne5 Nd5 27. Qg3 Rac8
28. Nc4 Rc5 29. Rab1 Nc3 30. Rb3 Rg5 31. Rxc3 Rxg3 32. fxg3 Qc5+ 33. Kh2 Qd4 34.
Rb3 Bd5 35. Rbb1 Bxc4 36. Re4 Qd6 37. Rxc4 Qxa3 38. Rb3 Qa1 39. Rcc3 a4 40. Ra3
Qb2 41. g4 g6 42. Kg3 Qb4 0-1